00763 a2200205 4500020001500000040001300015082001200028245013800040250001300178260005300191300003400244440001500278500007300293500006300366500002000429650003000449650002700479650001900506700003200525 a0768908620 aDLCbDLC00a510/.7600aIn-A-Flash math: Get the math skills you need for high SAT and ACT assessment scores fast, easy and effective, 5th ed., 2002cThomson a5th. ed. aLawrenceville, NJ :bThomson/Peterson's,cc2004. aiii, 162 p. :bill. ;c23 cm. 0aIn-a-flash aPrevious editions published as: Math / by Michael R. Crystal. c2002. a"Build your skills for the SAT and ACT assessment"--Cover. aIncludes index. 0aMathematicsxExaminations 0aSAT (Educational test) 0aACT Assessment1 aCrystal, Michael R.,d1964-